Vida de nuestra señora, repartida en quince principales misterios, meditados en los quince días primeros de Agosto...,

Detalles Bibliográficos
Autor principal: OVIEDO, Juan Antonio
Formato: Libro
Publicado: México 1809
Materias:
Colección:Banco de datos
Acervo:Biblioteca del Convento de Santa Mónica de la Ciudad de Puebla. Puebla
Tema general:Mariología
Notas:Regular. No. de Reg. 188332. B2, 30.
LEADER 00727nam a22001930004500
035 |a 52463 
036 |a 2231 
100 1 |a OVIEDO, Juan Antonio 
245 1 0 |a Vida de nuestra señora, repartida en quince principales misterios, meditados en los quince días primeros de Agosto..., 
260 |a México  |b imp. Mariano de Zúñiga y Ontiveros  |c 1809 
500 |a Regular. No. de Reg. 188332. B2, 30. 
650 1 0 |a Mariología 
949 |a CRP-SM 
959 |a Ex convento de Santa Mónica. Puebla, Puebla  |b CCC5 
960 |a Convento de Santa Mónica de la ciudad de Puebla  |b DD88 
961 |a Franciscana  |b OF 
942 |c CRP-SM 
943 |g Biblioteca del Convento de Santa Mónica de la Ciudad de Puebla. Puebla 
999 |c 962801  |d 962801